إدارة و تجهيز المطابخ / (رقم التسجيلة. 94391)

تفاصيل مارك
000 -LEADER
fixed length control field 00457nam a22001697a 4500
005 - DATE AND TIME OF LATEST TRANSACTION
control field 20251108173028.0
008 - FIXED-LENGTH DATA ELEMENTS--GENERAL INFORMATION
fixed length control field 250721s2003 xx 000 0 ara d
082 14 - DEWEY DECIMAL CLASSIFICATION NUMBER
Classification number 647.9/صال
100 1# - MAIN ENTRY--PERSONAL NAME
Personal name الصالح، همام طلال داوود
245 10 - TITLE STATEMENT
Title إدارة و تجهيز المطابخ /
264 1# - PRODUCTION, PUBLICATION, DISTRIBUTION, MANUFACTURE, AND COPYRIGHT NOTICE
Place of production, publication, distribution, manufacture د.م :
Name of producer, publisher, distributor, manufacturer د.ن،
Date of production, publication, distribution, manufacture, or copyright notice 2003.
300 ## - PHYSICAL DESCRIPTION
Extent 154 ص
650 17 - SUBJECT ADDED ENTRY--TOPICAL TERM
Topical term or geographic name as entry element الإدارة
650 17 - SUBJECT ADDED ENTRY--TOPICAL TERM
Topical term or geographic name as entry element المطابخ
942 ## - ADDED ENTRY ELEMENTS (KOHA)
Source of classification or shelving scheme Dewey Decimal Classification
Koha item type كتب
المقتنيات
حالة السحب حالة الفقدان مصدر التصنيف حالة التلف غير قابل للإعارة المكتبة الرئيسية المكتبة الحالية موقع الرف تاريخ التزويد الرقم المتسلسل Total Checkouts رقم الإستدعاء الباركود تاريخ آخر ظهور تاريخ الفاتورة نوع المادة (كوها)
    Dewey Decimal Classification     مكتبة أم قصير والمقابلين العامة مكتبة أم قصير والمقابلين العامة الإعارة 28/07/2025 593299   647.9/صال 593299 28/07/2025 28/07/2025 كتب
    Dewey Decimal Classification     مكتبة الجويدة مكتبة الجويدة الإعارة 09/06/2015 593295   647.9/صال PLD00329672 28/07/2025 09/06/2015 كتب
    Dewey Decimal Classification     مكتبة حمزة العامة مكتبة حمزة العامة الإعارة 25/11/2015 593297   647.9/صال PLD00366835 28/07/2025 25/11/2015 كتب
    Dewey Decimal Classification     مكتبة صويلح العامة مكتبة صويلح العامة الإعارة 04/01/1980 593293   647.9/صال PLD00484473 28/07/2025 04/01/1980 كتب
    Dewey Decimal Classification     مكتبة وادي السير العامة مكتبة وادي السير العامة الإعارة 28/07/2025 593301   647.9/صال 593301 28/07/2025 28/07/2025 كتب
Implemented & Customized by: BBB with SCIT (Smart Chains for Information Technology)

Powered by Koha